A megtisztulás lehetősége

Bibliographic Details
Main Author: Soóky, László, 1952-2020 (Author)
Format: Article
Language:Hungarian
PhysicalDescription:Fotogr. 3
Subjects:

MARC

LEADER 00000nab a2200000 a 4500
001 vtls000496803
003 SK-MaSNL
005 20260318124630.0
008 160202c1993 xo 0 hun
015 |a SNBRB19rr/mm-uuuuu 
035 |a CL0496941 
040 |a SNKBUCL  |b slo  |c SNKBUCL  |e AACR2 
041 0 |a hun 
044 |a xo  |c SK 
080 |a 323.15(437.6=945.11)  |2 1981 
100 1 |a Soóky, László,  |d 1952-2020  |4 aut  |9 248656 
245 1 0 |a A megtisztulás lehetősége  |c László Soóky 
300 |b Fotogr. 3 
500 |a Začiatok 
650 0 7 |a Maďari na Slovensku  |2 snkbucl  |9 373044 
655 7 |a články z novín a časopisov  |2 snkbucl  |9 267496 
773 0 |t Nap  |g Roč. 5, č. 35 (1993), s. 9-11 
850 |a Slovenská národná knižnica v Martine  |a DSG001 
852 |a SNK  |b KIS3GCP 
958 |a RK 
958 |a HU 
992 |a RBX 
999 |c 2558713  |d 2560643